LIBRARY & INFORMATION CENTRE, KCAET, TAVANUR

ONLINE PUBLIC ACCESS CATALOGUE (OPAC)

An objective review in soil and water engineering / (Record no. 15464)

MARC details
000 -LEADER
fixed length control field 00359nam a22001337a 4500
020 ## - INTERNATIONAL STANDARD BOOK NUMBER
ISBN 8186308822
082 ## - DEWEY DECIMAL CLASSIFICATION NUMBER
Classification number 631.45
Item number SUR/OB
100 ## - MAIN ENTRY--AUTHOR NAME
Personal name Suresh,R.
245 ## - TITLE STATEMENT
Title An objective review in soil and water engineering /
260 ## - PUBLICATION, DISTRIBUTION, ETC. (IMPRINT)
Place of publication New delhi ;
Name of publisher Standard publishers distributors ,
Year of publication 2017.
300 ## - PHYSICAL DESCRIPTION
Number of Pages 648p.
700 ## - ADDED ENTRY--PERSONAL NAME
Personal name Mishra,A.P.
942 ## - ADDED ENTRY ELEMENTS (KOHA)
Koha item type Books
Holdings
Withdrawn status Lost status Damaged status Home library Current library Date acquired Cost, normal purchase price Full call number Accession Number Koha item type
      KAUAET KAUAET 29/06/2018 225.00 631.45 SUR/OB 25597 Books
      KAUAET KAUAET 29/06/2018 225.00 631.45 SUR/OB 25596 Books
      KAUAET KAUAET 29/06/2018 225.00 631.45 SUR/OB 25595 Books
free website counter